000 00618 a2200205 4500
001 62111
005 20260407155914.0
008 260407a1982 arg spa d
003 AR-UNSa-BCEJYS
040 _aAR-UNSa-BCEJYS
_bspa
_cAR-UNSa-BCEJYS
080 _a349.2
_xDerecho del Trabajo
245 1 0 _aRégimen laboral de la industria de la construcción
_pLey 22.250 y disposiciones complementarias
020 _a978-950-00-8034-7
264 1 _aBuenos Aires :
_bAstrea
_c1982
300 _a260 p.
_c23 cm.
041 _aspa
942 _cBK
590 _aniveau_biblio:m niveau_hierar:0
100 1 _aSappia, Jorge J.
999 _c7564
_d7564